00638nam a2200217Ia 4500003000400000005001700004008004100021020001500062040001800077041000800095082002000103100002100123245007900144250001200223260004100235300002800276650002500304650003100329650003300360650002700393OSt20220208143635.0210716s2003 xx 000 0 und d a0130222666 cAIMIT LIBRARY aeng a657.4821bREIJ aReimers, Jane L. aFinancial accounting :ba business process approach /cBy Jane L. Reimers. a1st ed. aNew Jersey :bPrentice Hall ,c2003. axxvii, 451p ;c28.3 cm. aFinancial Accounting aSales and Collection Cycle aFinancial Statement Analysis aAcquistion and Payment